LIBRARY & INFORMATION CENTRE, KCAET, TAVANUR

ONLINE PUBLIC ACCESS CATALOGUE (OPAC)

Artificial intelligence with common LISP: Fundamental of symbolic and numeric processing / (Record no. 7371)

MARC details
000 -LEADER
fixed length control field 00522cam a2200181ua 4500
020 ## - INTERNATIONAL STANDARD BOOK NUMBER
ISBN 81-85623-102-X
041 ## - LANGUAGE CODE
Language code of text/sound track or separate title eng
082 ## - DEWEY DECIMAL CLASSIFICATION NUMBER
Classification number 006.3
Item number NOY/AR
100 ## - MAIN ENTRY--AUTHOR NAME
Personal name Noyes, James L .
245 ## - TITLE STATEMENT
Title Artificial intelligence with common LISP: Fundamental of symbolic and numeric processing /
250 ## - EDITION STATEMENT
Edition statement 1 /
260 ## - PUBLICATION, DISTRIBUTION, ETC. (IMPRINT)
Place of publication Newdelhi :
Name of publisher Galgolia book house ,
Year of publication 1993.
300 ## - PHYSICAL DESCRIPTION
Number of Pages 626 ; .
942 ## - ADDED ENTRY ELEMENTS (KOHA)
Koha item type Books
Holdings
Withdrawn status Lost status Damaged status Home library Current library Date acquired Full call number Accession Number Koha item type
      KAUAET KAUAET 07/04/2012 006.3 17998 Books
free website counter